| 000 | 00687nam a22002055i 4500 | ||
|---|---|---|---|
| 001 | 172006 | ||
| 003 | ES-MaACL | ||
| 005 | 20230906214805.0 | ||
| 008 | 090610s1953 sp |||| | spa d | ||
| 080 | _a612(075.8) | ||
| 100 | 1 |
_aSoula, L. C. _9140604 |
|
| 245 | 1 | 0 |
_aCompendio de fisiología / _cpor L. C. Soula ; traducción castellana revisada y anotada por J. Cervera-Pino ; prólogo de L. Cervera. |
| 250 | _a[1ª ed.]. | ||
| 260 |
_aBarcelona : _bSalvat, _c1953. |
||
| 300 |
_aXXIII, 898 p. : _bil. ; _c24 cm. |
||
| 650 | 1 | 4 |
_aFisiología. _9136120 |
| 700 | 1 |
_aCervera-Pino, J. _9140606 |
|
| 700 | 1 |
_aCervera y Astor, Leandro. _9140607 |
|
| 852 |
_aES-MaACL _jC-5742 _9R.35027 |
||
| 999 |
_c172006 _d172006 |
||